000 00605nam a2200253 a 4500
001 nice12345678
003 IN_TiNIC
005 20260116011904.0
008 050524s1933 laha grp 000 0 urd
020 _a
_c100
082 0 0 _a294.29
_bPRE
100 _aPrem, Charnji Lal
245 _aMirzai Tabligh Ka Jawab
260 _aLahore
_bArya Musafir
_c1933
300 _a16p
500 _aincludes index and biblioraphy
505 2 _aAppendix
650 _aHinduism
650 _aHinduism-Apologetics work
700 1 _aPrem, Charnji Lal
902 _bSRS
942 _cBK
999 _c4723
_d4723